Music Quiz

Random Music or Lyrics Quiz

Bryan Adams - Straight from the Heart Quiz Stats

Quiz not verified by Sporcle

Challenge
Share
Tweet
Embed
Score 0/108 Timer 05:00
0 Plays Today
Lyrics % Correct
the
100%
the
100%
the
100%
the
100%
the
100%
and
100%
the
100%
I
97.8%
I
97.8%
I
97.8%
Straight
97.1%
from
97.1%
heart
97.1%
straight
97.1%
from
97.1%
heart
97.1%
straight
97.1%
from
97.1%
heart
97.1%
straight
97.1%
from
97.1%
heart
97.1%
straight
97.1%
from
97.1%
heart
97.1%
it
93.5%
it
93.5%
Oh
93.5%
it
93.5%
me
93.5%
me
93.5%
You
92.8%
You
92.8%
you
92.8%
it's
91.3%
it's
91.3%
Lyrics % Correct
know
91.3%
know
91.3%
it's
91.3%
As
89.1%
as
89.1%
as
89.1%
as
89.1%
as
89.1%
to
88.4%
to
88.4%
to
88.4%
we
87.7%
comin'
87.7%
we
87.7%
comin'
87.7%
go
87%
long
86.2%
can
86.2%
give
85.5%
I'll
84.8%
on
84.8%
start
84.1%
never
84.1%
start
84.1%
never
84.1%
long
82.6%
make
81.2%
could
80.4%
be
79.7%
but
77.5%
but
77.5%
But
77.5%
Tell
77.5%
That
71.7%
you're
70.3%
say
68.1%
Lyrics % Correct
say
68.1%
another
68.1%
ends
66.7%
well
66.7%
of
63%
dreamin'
62.3%
dreamin'
62.3%
dreamin'
62.3%
this
61.6%
I've
60.1%
may
59.4%
way
58.7%
gone
58%
pretend
58%
been
58%
who's
58%
see
57.2%
just
57.2%
we're
55.1%
all
53.6%
keep
52.9%
some
52.9%
time
52.9%
easy
52.2%
easier
51.4%
out
50%
we'd
47.8%
other
47.8%
would
46.4%
street
45.7%
able
44.2%
line
44.2%
our
41.3%
fall
39.9%
words
39.1%
While
22.5%

You're not logged in!

Compare scores with friends on all Sporcle quizzes.
Sign Up with Email
OR
Log In

You Might Also Like...

Show Comments

Extras

Top Quizzes Today


Score Distribution

Your Account Isn't Verified!

In order to create a playlist on Sporcle, you need to verify the email address you used during registration. Go to your Sporcle Settings to finish the process.